Taylor Lautner Filmography - Statistics

General Stats
  • This quiz has been taken 40 times
    11 since last reset
  • The average score is 17 of 36
Answer Stats
Type Year Name % Correct
Film 2011 The Twilight Saga: Breaking Dawn - Part 1
100%
Film 2012 The Twilight Saga: Breaking Dawn - Part 2
100%
Film 2009 The Twilight Saga: New Moon
100%
Film 2011 Abduction
67%
Film 2005 Cheaper by the Dozen 2
67%
Film 2013 Grown Ups 2
67%
Documentary Series TBA Taylor Lautner: Werewolf Hunter
67%
Film 2005 The Adventures of Sharkboy and Lavagirl in 3-D
67%
Film 2015 The Ridiculous 6
67%
Film TBA The Token Groomsman
67%
Film 2010 The Twilight Saga: Eclipse
67%
Film 2008 Twilight
67%
Film 2010 Valentine's Day
67%
TV Show 2014-2018 Cuckoo
33%
TV Show 2005 Danny Phantom
33%
TV Show 2005 Duck Dodgers
33%
Short Film 2011 Field of Dreams 2: Lockout
33%
TV Short 2006 He's a Bully, Charlie Brown
33%
Film 2022 Home Team
33%
Music Video 2023 I Can See You (Taylor's Version)
33%
TV Show 2006 Love, Inc.
33%
TV Show 2008 My Own Worst Enemy
33%
TV Show 2004 My Wife and Kids
33%
Film 2016 Run the Tide
33%
TV Show 2009 Saturday Night Live
33%
TV Show 2016 Scream Queens
33%
Film 2001 Shadow Fury
33%
TV Show 2004 Summerland
33%
TV Show 2003, 2004 The Bernie Mac Show
33%
Podcast 2023-Present The Squeeze
33%
TV Show 2011 The X Factor UK
33%
Film 2015 Tracers
33%
Documentary 2012 Twilight: The Robert Pattinson and Taylor Lautner Saga
33%
TV Show 2005 What's New, Scooby-Doo?
33%
Music Video 2008 Caught Up in You
0%
TV Pilot 2004 The Nick & Vanessa Variety Hour
0%
No matching quizzes found
Score Distribution
Percent of People with Each Score
Percentile by Number Answered
Your Score History
You have not taken this quiz since the last reset